Normal view
MARC view
- Bishop, Harry Gore
Entry Personal Name
001 - CONTROL NUMBER
- control field: 50382
003 - CONTROL NUMBER IDENTIFIER
- control field: NUST
005 - DATE AND TIME OF LATEST TRANSACTION
- control field: 20210314134621.0
008 - FIXED-LENGTH DATA ELEMENTS
- fixed length control field: 210314|| aca||aabn | a|a d
040 ## - CATALOGING SOURCE
- Original cataloging agency: NUST
- Transcribing agency: NUST
100 ## - HEADING--PERSONAL NAME
- Personal name: Bishop, Harry Gore
670 ## - SOURCE DATA FOUND
- Source citation: Work cat.: (NUST): Bishop, Harry Gore,, Field artillery, the king of battles, 1935.
